|
|
|
|
| LEADER |
01077pam a22003018a 4500 |
| 001 |
00030419 |
| 005 |
20171026081025.0 |
| 008 |
130221s2012 ||||||viesd |
| 020 |
|
|
|c 34000
|
| 041 |
0 |
# |
|a vie
|
| 082 |
1 |
4 |
|a 352.6
|b CH312S
|
| 100 |
1 |
# |
|a Nguyễn, Hoài Văn
|
| 245 |
1 |
0 |
|a Chính sách đào tạo sử dụng quan lại thời Lê Thánh Tông và công tác cán bộ hiện nay
|c Nguyễn Hoài Văn, Đặng Duy Thìn
|
| 260 |
# |
# |
|a Hà Nội
|b Chính trị quốc gia
|c 2012
|
| 300 |
# |
# |
|a 188 tr.
|c 21 cm.
|
| 504 |
# |
# |
|a thư mục: tr.182-185
|
| 600 |
1 |
4 |
|a Lê, Thánh Tông
|
| 653 |
# |
# |
|a Chính sách đào tạo
|
| 653 |
# |
# |
|a Thời Lê
|
| 653 |
# |
# |
|a Sử dụng
|
| 653 |
# |
# |
|a Quan lại
|
| 653 |
# |
# |
|a Cán bộ
|
| 700 |
1 |
# |
|a Đặng, Duy Thìn
|
| 852 |
# |
# |
|j KM.0014762
|j KD.0014424
|j KM.0014763
|
| 852 |
# |
# |
|b Kho đọc
|j KD.0014424
|
| 852 |
# |
# |
|b Kho mượn
|j KM.0014762, KM.0014763
|
| 910 |
|
|
|d 21/02/2013
|
| 980 |
# |
# |
|a Trung tâm Học liệu Lê Vũ Hùng, Trường Đại học Đồng Tháp
|